00386 a2200097 4500001001000000005001700010008004100027245013200068100002400200773006400224ART_2134920260410161644.0260409a 10aLa tutela a las haciendas públicas provinciales y de la ciudad autonoma de Buenos Aires en el actual regimen penal tributario1 aKarschenboim, Laura0 tConsultor tributariog- Año 7, Nº 82 (dic. 2013)wREV474